000 01337cam a2200325 a 4500
001 14611847
003 OSt
005 20190311114538.0
008 061026s2007 maua b 001 0 eng d
010 _a 2006298805
020 _a9780619062774
035 _a(OCoLC)ocm71193660
040 _aUAB
_cUAB
_dBAKER
_dYDXCP
_dOCLCQ
_dDLC
042 _alccopycat
050 0 0 _aHC79.I55
_bR49 2003
082 0 4 _a174.90904
_221
100 1 _aReynolds, George Walter,
_d1944-
245 1 0 _aEthics in information technology /
_cGeorge Reynolds.
260 _a[Boston, Mass.] :
_bThomson/Course Technology,
_cc2003.
300 _axvii, 255 p. :
_bill. ;
_c24 cm.
504 _aIncludes bibliographical references and index.
650 0 _aInformation technology
_xMoral and ethical aspects.
650 0 _aBusiness ethics.
856 4 2 _3Publisher description
_uhttp://www.loc.gov/catdir/enhancements/fy1215/2006298805-d.html
856 4 1 _3Table of contents only
_uhttp://www.loc.gov/catdir/enhancements/fy1215/2006298805-t.html
856 4 2 _3Contributor biographical information
_uhttp://www.loc.gov/catdir/enhancements/fy1302/2006298805-b.html
906 _a7
_bcbc
_ccopycat
_d2
_encip
_f20
_gy-gencatlg
942 _2lcc
_cBK
999 _c53973
_d53973